000 00883nam a22002057a 4500
005 20260511113415.0
008 260511b |||||||| |||| 00| 0 eng d
040 _cCRL
041 _aPun
100 _aਸਿੰਘ, ਮਨਜੀਤ
245 _aਕੁਈਰ ਸਿਧਾਂਤ ਅਤੇ ਪੰਜਾਬੀ ਗਲਪ ਵਿੱਚ ਤੀਜੇ ਲਿੰਗ ਦੀ ਪਛਾਣ ਦੇ ਮਸਲੇ
_cby ਮਨਜੀਤ ਸਿੰਘ
260 _aਦਿੱਲੀ:
_bਯੂਨੀਵਰਸਿਟੀ ਔਫ ਦਿੱਲੀ,
_c2025.
300 _a231p.
502 _bPh.D.
_cਯੂਨੀਵਰਸਿਟੀ ਔਫ ਦਿੱਲੀ
650 _aਪੰਜਾਬੀ ਲਿਟ੍ਰੇਚਰ
_91238939
700 _aਗੋਜਰ, ਕੁਲਵੀਰ
_91238940
710 _bਡਿਪਾਰਟਮੇਂਟ ਔਫ ਪੰਜਾਬੀ.
_91238941
942 _cTH
999 _c1851161
_d1851161